000 00665nam a2200217 i 4500
001 76794
003 ES-MaACL
005 20230906172949.0
007 t|
008 041005s1973 sp ||||1| spa d
100 1 _aGulik, Robert van.
_960928
245 1 3 _aLa perla del emperador /
_cRobert van Gulik ; [traducción Mª Angeles Peralta].
250 _a[1ª ed.].
260 _aBarcelona :
_bBarral,
_c1973.
300 _a183 p. ;
_c19 cm.
490 1 _aSerie negra. 24. Policial ;
_v267
700 1 _aPeralta, Mª Angeles.
_990376
830 0 _aSerie negra. 24. Policial ;
_v267
_9231318
852 _aES-MaACL
_jC-52874
_bR.86343
999 _c76794
_d76794